Die größten Mittelstädte Deutschlands - Statistiken

Allgemein
  • Dieses Quiz wurde 133 mal gespielt
  • Das Durchschnittsergebnis liegt bei 7 aus 11
Antwortstatistiken
Bundesland Einwohner Antwort % Korrekt
MV 98.596 Schwerin
89%
TH 93.634 Gera
82%
BB 99.515 Cottbus
77%
SH 92.550 Flensburg
73%
HE 94.146 Gießen
71%
BW 92.811 Tübingen
65%
BW 94.157 Ludwigsburg
57%
NW 93.207 Düren
47%
NW 92.540 Iserlohn
47%
NW 95.897 Witten
47%
BW 94.941 Esslingen am Neckar
41%
Keine übereinstimmenden Quizze gefunden
Verteilung der Resultate
Anzahl Personen mit jedem Resultat
Perzentil nach korrekt beantworteten Fragen
Ihre Resultats-Entwicklung
Sie haben dieses Quiz noch nicht gespielt